| 000 | 00560nam a2200205Ia 4500 | ||
|---|---|---|---|
| 005 | 20250508160801.0 | ||
| 008 | 008 250505s9999 xx 000 0 hin d | ||
| 037 | _aTextBook | ||
| 040 |
_aFEDL _beng _cFEDL |
||
| 041 |
_ahin _2eng |
||
| 084 |
_a491.4307, SAV _qFEDL |
||
| 100 |
_aSavitri Singh _9769354 |
||
| 245 | 0 | _aHindi shikshan | |
| 260 |
_aMeerut, India _bLoyal Book Depot _c1973 |
||
| 300 | _a368p | ||
| 365 |
_aINR _b10 |
||
| 650 |
_aHindi Language - Teaching _9769355 |
||
| 942 |
_cTB _h491.4307, SAV |
||
| 999 |
_c1366602 _d1366602 |
||